Clear water, blue skies : China's environment in the new century
This book consists of the following many parts such as growth anf China's environmental, pollution, health, and productivity estimating today's costs, plotting alternative futures.
Spremljeno u:
| Format: | Knjiga |
|---|---|
| Jezik: | Undetermined |
| Izdano: |
Washington, D.C
The World Bank
1998
|
| Teme: | |
| Oznake: |
Dodaj oznaku
Bez oznaka, Budi prvi tko označuje ovaj zapis!
|
| Thư viện lưu trữ: | Trung tâm Học liệu Trường Đại học Cần Thơ |
|---|
| LEADER | 00799nam a2200205Ia 4500 | ||
|---|---|---|---|
| 001 | CTU_40037 | ||
| 008 | 210402s9999 xx 000 0 und d | ||
| 020 | |b 165.000đ | ||
| 082 | |a 363.7 | ||
| 082 | |b C623 | ||
| 245 | 0 | |a Clear water, blue skies : | |
| 245 | 0 | |b China's environment in the new century | |
| 245 | 0 | |c Todd M Johnson...[et al.] | |
| 260 | |a Washington, D.C | ||
| 260 | |b The World Bank | ||
| 260 | |c 1998 | ||
| 520 | |a This book consists of the following many parts such as growth anf China's environmental, pollution, health, and productivity estimating today's costs, plotting alternative futures. | ||
| 650 | |a Air pollution,Environmental engineering,Environmental protection,Water pollution | ||
| 904 | |i Minh, 001221 | ||
| 980 | |a Trung tâm Học liệu Trường Đại học Cần Thơ | ||